000
00343nam a22001217a 4500
040
_c
HS
082
_a
495
100
_a
ឈុំភិត លន់
245
_a
Genetic and breeding : សេនេទិច និងការបង្កាត់ពូជ
260
_a
RUA
_b
ឈុំភិត លន់
_c
2008
300
_a
NA
942
_c
KB
999
_c
10146
_d
10146